000 01498nab a22002177a 4500
999 _c6570
_d6570
003 OSt
005 20260224131247.0
008 190506c xxu||||| |||| 00| 0 spa d
040 _cPJ
100 _97133
_aVelasco, Luis María
245 1 3 _aLa inteligencia artificial o el nuevo "caballo de troya", para manipular a los usuarios /
_cLuis María Velasco.
260 _aBuenos Aires :
_bAbeledoPerrot,
_c2024.
300 _ap. 3-18
500 _aCita: TR LALEY AR/DOC/2546/2024.
505 _aSumario: I. Exordio.— II. La IA en el mundo. Visión de los distintos organismos internacionales.— III. El inesperado asesor de la IA en el G7. El Papa Francisco.— IV. La ONU pide que se regule la Inteligencia Artificial y sus riesgos.— V. La Unión Europea regula la Inteligencia Artificial.— VI. Conferencia y debate "Los cuatro jinetes del apocalipsis tecnocrático".— VII. ¿La inteligencia artificial genera empleos o destruye los existentes?— VIII. Todo lo que pueda ser digital será digital. La revolución digital.— IX. Inteligencia artificial en la periferia del capitalismo. América Latina.— X. Conclusión.— XI. Material consultado.
505 _t¿Te interesa el texto completo? Comunicate al correo: koha@justierradelfuego.gov.ar
650 0 _91316
_aDERECHO LABORAL
650 0 _95817
_aINTELIGENCIA ARTIFICIAL
773 0 _02751
_93202
_dBuenos Aires : AbeledoPerrot, 2013-
_tRevista de derecho laboral y seguridad social. Nº 22 - Noviembre 2024
942 _2udc
_cANA